00833nam a22002297a 450000500170000001000150001702000270003203500140005903700080007303700130008108200130009424501040010726000390021127000450025030000250029570000330032070000350035370000320038894200270042099900190044795201370046620240229154646.0 aENG-139179 a9789390951475c1200.00 aEN-122711 adpl bDBAD/PUB a658.4012 aReimagining Management in the Post VUCA World/cEdited by Samik Shome; Mayank Bhatia and Tejas Shah aNew DelhibAllied Publishersc2023 a1/13-14 Asaf Ali RoadbNew Delhie110002 axi,463p. c24cm(hbk) aShome, Samik eEditor962634 aBhatia, Mayank eEditor962635 aShah, Tejas eEditor962636 2ddccENh658.4012mREI c201161d201161 001040708NFICaPRbPRd2024-02-29eDBAD/PUBg1200.00l0o658.4012 REIpEN-122711r2024-02-29 00:00:00t1v1200.00w2024-02-29yEN